Обвинительный акт по делу о столкновении пароходов "Владимир" и "Колумбия"

Доступно только в Электронных читальных залах Найти на картеНа карте
RUSMARC
00003574nac2a22002531x 450
00129025579-43bf-4291-8201-3499f6233422
00520131008181953.0
100##$a20130529l1894 k y0rusy50 ca
1010#$arus
102##$aRU
105##$ay z |||||
1220#$ad18940727
2001#$aОбвинительный акт по делу о столкновении пароходов "Владимир" и "Колумбия"
$j27 июля 1894
215##$a4 листа
251##$cДело
300##$aТипографский экземпляр
324##$aКопия
330##$aДокументальные материалы, отложившиеся в результате служебной и общественной деятельности А. Ф. Кони; По судебному ведомству
461#0$10013a54f2e3-e9cf-409b-80fa-f0a9bd3c40cb
$12001
$aКони Анатолий Федорович, юрист, литератор, член академии наук, председатель Санкт-Петербургского окружного суда, член государственного совета
$1251
$cФонд
$1852
$j564
462#0$100178a475cd-a47d-4377-bff3-cee4b81de655
$12001
$aОпись дел фонда А. Ф. Кони за 1880-1931 гг.
$1251
$cОпись
$1852
$j1
600#1$aКони
$bА. Ф.
$f1844-1927
$gАнатолий Федорович
801#0$aRU
$bGA_RF
801#1$aRU
$bНПО Опыт
$c20130529
$2rusmarc
801#2$aRU
$bПБ им. Б.Н. Ельцина
$c20131008
$gRCR
$2rusmarc
852##$aГА РФ
$j589
937##$d38355150
$hПБ
035##$aRuPRLIB51001215
Формат отображения